Millennium (Record no. 11508)

MARC details
000 -LEADER
fixed length control field 00603nam a2200253 a 4500
020 ## - INTERNATIONAL STANDARD BOOK NUMBER
ISBN
082 00 - DEWEY DECIMAL CLASSIFICATION NUMBER
Classification number 305.80954
Author Cutter MUR
100 ## - MAIN ENTRY--AUTHOR NAME
Author name Muricken, Ajit
245 ## - TITLE STATEMENT
Title Millennium
260 ## - PUBLICATION, DISTRIBUTION, ETC. (IMPRINT)
Place of publication Mumbai
Name of publisher Vikas Adhyayan Kendra
Year of publication 1999
300 ## - PHYSICAL DESCRIPTION
Number of Pages 207p
500 ## - GENERAL NOTE
General note includes index and biblioraphy
505 2# - FORMATTED CONTENTS NOTE
Formatted contents note Index
650 ## - SUBJECT ADDED ENTRY--TOPICAL TERM
Topical Term India-Social Conditions
650 ## - SUBJECT ADDED ENTRY--TOPICAL TERM
Topical Term Badal Sen Gupta
942 ## - ADDED ENTRY ELEMENTS (KOHA)
Koha item type Books
700 1# -
-- Muricken, Ajit
Holdings
Collection code Home library Current library Date acquired Cost, normal purchase price Full call number Accession Number Koha item type
  Henry Martyn Institute Library Henry Martyn Institute Library 03/29/2007 130.00 305.80954 MUR 019382 Books
                   Copyright © 2026 | Henry Martyn Institute | Hyderabad | TS-500052 | INDIA | Implemented by hmi.edu.in
Hit-Count:

Powered by Koha